| 000 | nam a22 a 4500 | ||
|---|---|---|---|
| 999 |
_c443912 _d443912 |
||
| 003 | BLK | ||
| 005 | 20220207135546.0 | ||
| 008 | 180411b bul|||||r ||||||| ||bul|| | ||
| 010 | _aKNG00184798000 | ||
| 020 | _a9789546761644 | ||
| 040 | _aBLK | ||
| 041 |
_aBUL _cBUL |
||
| 080 |
_aКраезнание _b908 _x(497.23-22) _z908(497.23-22) |
||
| 100 | 1 |
_aПампов, Костадин Василев _eпърви автор _9105847 |
|
| 139 |
_aПампов, Костадин Василев _bП 16 |
||
| 245 | 1 | 0 |
_aЛегенда при Върха _bСтраници от историята на с. Черногорово, Пазарджишко _cКостадин Пампов; послесл. Росен Р. Малчев.; предисл. Васил Гюзелев. |
| 250 | _a3. доп. изд. | ||
| 257 | _aBGR | ||
| 260 |
_bБОГИАННА _c2021 _9209631 _aСофия _dБогиана _f[Костинброд] : [Мултипринт ООД] _n978-954-676- |
||
| 300 |
_a89 с. _bс ил., к., факс. _c21 см |
||
| 380 | _a9 | ||
| 500 | _a1. изд. 2014 на изд. Беллопринт - Пазарджик. - В защита на една записана народна легенда / Васил Гюзелев: с. 5-6. - Биогр. данни за авт. отбелязани на гърба на кор. | ||
| 600 | 1 | 4 |
_9105847 _aПампов, Костадин Василев |
| 650 | 4 |
_aСела - България - история _9243048 |
|
| 651 | 4 |
_aПазарджишко _9179326 |
|
| 653 | _aкраезнание | ||
| 653 | _aсела | ||
| 700 |
_aМалчев, Росен Росенов _eпослесл. _9958 |
||
| 700 |
_aГюзелев, Васил Тодоров _eпредисл. _91264 |
||
| 852 |
_aЦб _bЦб |
||
| 942 |
_cKNG _n0 _s1 |
||
| 944 |
_aCR _c2022-02-07 _kСТ |
||